|
|
|
|
| LEADER |
00000nab a2200000 a 4500 |
| 001 |
vtls000658331 |
| 003 |
SK-MaSNL |
| 005 |
20260302183502.0 |
| 008 |
040806c1998 xo 0 slo |
| 015 |
|
|
|a SNBRB1998/05-13232
|
| 035 |
|
|
|a CLN000010523
|
| 040 |
|
|
|a SNKBUCL
|b slo
|c SNKBUCL
|e AACR2
|
| 041 |
0 |
|
|a slo
|
| 044 |
|
|
|a xo
|c SK
|
| 080 |
|
|
|a 352:061.25(437.6):061.3
|2 UDC-MRF-SK2
|
| 245 |
0 |
0 |
|a Diskusné príspevky na VIII. sneme
|n 1.
|
| 500 |
|
|
|a Pokračovanie v č. 21-25/1998
|
| 610 |
2 |
7 |
|a Združenie miest a obcí Slovenska.
|b Snem
|d (1998)
|2 snkbucl
|9 895082
|
| 655 |
|
7 |
|a články z novín a časopisov
|2 snkbucl
|9 267496
|
| 773 |
0 |
|
|t Obecné noviny
|g Roč. 8, č. 20 (1998), s. 7-9
|
| 850 |
|
|
|a Slovenská národná knižnica v Martine
|
| 852 |
|
|
|a SNK
|b KIS3GCP
|
| 999 |
|
|
|c 1421900
|d 1423830
|